00454 a2200157 4500003000500000005001700005040000900022082001200031100003600043245013100079260002700210300001100237538002200248650001600270651001000286Nust20251015115442.0 cNust a621.382 aMalik, Maj Irfan Adeeb (TE-17) aRegulated power supply /cMaj Irfan Adeeb Malik & Maj Aslam shahab hassan & Capt Akhtar hussain Rizvi & Capt Amjad Pervaiz &  aUET, LahorebMCSc1985 a41,p.; aT2 and Shelf No 4 aUG Projects aTE-17